| 000 | 00829cam a22002651 4500 | ||
|---|---|---|---|
| 001 | 12670 | ||
| 003 | BD-RjUL | ||
| 005 | 20211208235333.0 | ||
| 008 | 140129s1956 caua b 001 0 eng | ||
| 035 | _a(BD-RjUL)12720 | ||
| 040 |
_aDLC _cDLC _dDLC _dOCoLC _dBD-RjUL _beng |
||
| 041 | _aeng | ||
| 082 | 0 | 0 |
_a581.7 _bOOS 1956 |
| 100 | 1 |
_aOosting, Henry J. _q(Henry John), _d1903-1968. _939447 |
|
| 245 | 1 | 4 |
_aThe study of plant communities : _ban introduction to plant ecology / _cHenry J. Oosting |
| 250 | _a2d ed. | ||
| 260 |
_aSan Francisco : _bW. H. Freeman , _cc1956. |
||
| 300 |
_aviii, 440 p. : _billus. ; _c22 cm. |
||
| 504 | _aIncludes bibliographies and index. | ||
| 650 | 0 |
_aPlant ecology. _938234 |
|
| 650 | 0 |
_aPlant communities. _939448 |
|
| 740 | 0 | _aPlant communities. | |
| 942 |
_2ddc _cBK |
||
| 999 |
_c12670 _d12670 |
||